| 000 | 00323nam a2200121Ia 4500 | ||
|---|---|---|---|
| 005 | 20251222141918.0 | ||
| 008 | 251222s9999||||xx |||||||||||||| ||spa|| | ||
| 020 | _a84-500-3851-0 | ||
| 082 | _a341.488/M61 | ||
| 245 | 0 | _aConvenios de Extradición | |
| 264 | _bCentro de Publicacionesd del Ministerio de Justicia | ||
| 942 | _cLIB | ||
| 999 |
_c8635 _d8635 |
||